000
00240nam a2200085Ia 4500
008
220204s9999 xx 000 0 und d
245
0
_a
Research designs and standards organisation Annual Report
260
_a
Govt of India
_c
1986-87
942
_c
BK
999
_c
43598
_d
43598